Statystyki dla Wszyscy zwycięzcy Pucharu Narodów Afryki w piłce nożnej

Kliknij tutaj aby rozwiązać quiz!

Ogólne statystyki

  • Ten quiz został rozwiązany 123 razy
  • Średni wynik to 28 z 33

Statystyki odpowiedzi

RokGospodarz% Poprawnych
1957Egipt
100%
1986Egipt
100%
2010Egipt
100%
2008Egipt
100%
2006Egipt
100%
1998Egipt
100%
1959Egipt
100%
2021Senegal
98%
1990Algieria
91%
2019Algieria
91%
1976Maroko
90%
2017Kamerun
89%
1984Kamerun
89%
1988Kamerun
89%
2002Kamerun
89%
2000Kamerun
89%
1996Republika Południowej Afryki
89%
1980Nigeria
85%
2013Nigeria
85%
1994Nigeria
85%
1974Demokratyczna Republika Konga
80%
1968Demokratyczna Republika Konga
80%
1965Ghana
80%
1963Ghana
80%
1982Ghana
80%
1978Ghana
80%
1992Wybrzeże Kości Słoniowej
78%
2015Wybrzeże Kości Słoniowej
78%
2004Tunezja
72%
1972Kongo
67%
1962Etiopia
61%
1970Sudan
60%
2012Zambia
57%

Rozkład punktacji

Percentyl według liczby udzielonych odpowiedzi

Procent ludzi z każdym wynikiem

Twoja historia wyników

Nie rozwiązałeś tego quizu